000 06340nam a22004577a 4500
005 20100518104511.0
010 _aHIN-89326
020 _c425.00
_a9788120338470
035 _aHN-61672
037 _bDBAD /PUB
037 _bभारतीय साहित्य भवन
082 _a150
100 _aमिश्र, ब्रज कुमार
_926535
245 _aमनोविज्ञानः मानव व्यवहार का अध्ययन /
_cब्रज कुमार मिश्र
246 _aManovigyan: manav vyavahar ka adhyayan/
_bby Braj Kumar Mishr
260 _aनई दिल्ली
_bपीएचआई लर्निंग
_c2010
270 _aएम-97, कनाट प्लेस
_bनई दिल्ली
_e110001
300 _axv,803पृ
_c22सेमी (अजिल्द)
942 _2ddc
_cHN
_mमिश्रब्र
_h150.195
999 _c36203
_d36203